Countries Where it Doesn't Snow With A Map - Statistics

General Stats
  • This quiz has been taken 146 times
  • The average score is 73 of 84
Answers on the Map
Answers color-coded by a green-red scale on the quiz's map according to % correct below.
 
Answer Stats
Country % Correct
Sudan
97%
Cuba
96%
Panama
96%
Chad
95%
Guyana
95%
Haiti
95%
Niger
95%
Somalia
95%
Suriname
95%
Uruguay
95%
Costa Rica
94%
Honduras
94%
Nicaragua
94%
Nigeria
94%
Paraguay
94%
South Sudan
94%
Mali
93%
Philippines
93%
Thailand
93%
Angola
92%
Cambodia
92%
El Salvador
92%
Laos
92%
Malaysia
92%
Republic of Congo
92%
Senegal
92%
Botswana
91%
Cape Verde
91%
Central African Republic
91%
Equatorial Guinea
91%
Ghana
91%
Guinea
91%
Ivory Coast
91%
Mauritania
91%
Mozambique
91%
Sri Lanka
91%
Zambia
91%
Zimbabwe
91%
Bangladesh
90%
Belize
90%
Benin
90%
Bahamas
89%
Gabon
89%
Togo
89%
Fiji
88%
Jamaica
88%
Maldives
88%
Sierra Leone
88%
Cameroon
87%
Federated States of Micronesia
86%
Liberia
86%
Malawi
86%
Mauritius
86%
Tonga
86%
Burkina Faso
85%
Gambia
85%
Guinea-Bissau
85%
Kiribati
85%
Marshall Islands
85%
Seychelles
85%
Trinidad & Tobago
85%
Comoros
84%
Djibouti
84%
St. Kitts & Nevis
84%
Barbados
83%
Samoa
83%
Sao Tome & Principe
83%
Solomon Islands
83%
Tuvalu
83%
Dominica
82%
Palau
82%
St. Vincent & the Grenadines
82%
Vanuatu
82%
Nauru
81%
St. Lucia
80%
Grenada
76%
Malta
76%
Antigua & Barbuda
75%
Singapore
75%
Brunei
74%
Kuwait
72%
Qatar
71%
Bahrain
67%
East Timor
66%
No matching quizzes found
Score Distribution
Percent of People with Each Score
Percentile by Number Answered
Your Score History
You have not taken this quiz